000 00423nam a2200169Ia 4500
008 230524s9999 xx 000 0 und d
020 _a9788120339095
082 _a4.6
_bDAS
100 _aSubhash Chandra Das
245 0 _aCorporate Governance in India: An Evaluation
250 _a2ND
260 _aNEW DELHI
_bPHI
_c2009
300 _aIX;279
500 _aQuantity Number: 10
650 _aManagement
942 _cBK
999 _c46498
_d46498